<?xml version="1.0" encoding="UTF-8"?><?xml-stylesheet type="text/xsl" href="static/style.xsl"?><OAI-PMH xmlns="http://www.openarchives.org/OAI/2.0/" xmlns:xsi="http://www.w3.org/2001/XMLSchema-instance" xsi:schemaLocation="http://www.openarchives.org/OAI/2.0/ http://www.openarchives.org/OAI/2.0/OAI-PMH.xsd"><responseDate>2026-04-17T07:34:50Z</responseDate><request verb="GetRecord" identifier="oai:www.recercat.cat:10459.1/48428" metadataPrefix="marc">https://recercat.cat/oai/request</request><GetRecord><record><header><identifier>oai:recercat.cat:10459.1/48428</identifier><datestamp>2024-12-05T23:02:54Z</datestamp><setSpec>com_2072_3622</setSpec><setSpec>col_2072_478537</setSpec></header><metadata><record xmlns="http://www.loc.gov/MARC21/slim" xmlns:dcterms="http://purl.org/dc/terms/" xmlns:xsi="http://www.w3.org/2001/XMLSchema-instance" xmlns:doc="http://www.lyncode.com/xoai" xsi:schemaLocation="http://www.loc.gov/MARC21/slim http://www.loc.gov/standards/marcxml/schema/MARC21slim.xsd">
   <leader>00925njm 22002777a 4500</leader>
   <datafield ind2=" " ind1=" " tag="042">
      <subfield code="a">dc</subfield>
   </datafield>
   <datafield ind2=" " ind1=" " tag="720">
      <subfield code="a">Hijar Asensio, Isabel</subfield>
      <subfield code="e">author</subfield>
   </datafield>
   <datafield ind2=" " ind1=" " tag="260">
      <subfield code="c">2015-07-08T09:18:28Z</subfield>
   </datafield>
   <datafield ind2=" " ind1=" " tag="260">
      <subfield code="c">2015-07-08T09:18:28Z</subfield>
   </datafield>
   <datafield ind2=" " ind1=" " tag="260">
      <subfield code="c">2015-05</subfield>
   </datafield>
   <datafield ind2=" " ind1=" " tag="520">
      <subfield code="a">Pregunta clínica: ¿Mejoran el desarrollo motor, el equilibrio y disminuyen la obesidad y el estrés parental en niños con síndrome de Down tras la aplicación de un programa de actividad física grupal a los niños y educación sanitaria a los padres?&#xd;
Objetivo: Verificar la aplicación de que un programa de actividad física grupal junto a clases de educación sanitaria para los padres de los niños con síndrome de Down mejoran el desarrollo motor, el equilibrio y disminuyen la obesidad en dichos niños y alivia el estrés parental.&#xd;
Metodología: Se va a realizar un estudio piloto cuasi-experimental controlado en niños con síndrome de Down en la Associació Down Lleida y en la Fundación para la discapacidad Down Zaragoza (n=23), se dividirán 4 grupos. La distribución de los grupos se realizará por conveniencia teniendo en cuenta el sexo, la edad, el nivel de desarrollo motor, el sedentarismo, el equilibrio, el Índice de Masa Corporal de los niños y el estrés parental para realizar los grupos de la forma más equitativa posible. Los criterios de exclusión serán problemas conductuales graves, tener leucemia, problemas sensoriales como hipoacusia y ceguera grave y no entender órdenes simples en castellano. La evaluación del estudio se llevará a cabo con distintos test, para el desarrollo motor se usará el Gross Motor Functional Measure, para la obesidad el Índice de Masa Corporal, para el equilibrio el Timed Up and Go test, y para el estrés parental el Parenting Stress Index Short Form.</subfield>
   </datafield>
   <datafield ind1="8" ind2=" " tag="024">
      <subfield code="a">http://hdl.handle.net/10459.1/48428</subfield>
   </datafield>
   <datafield tag="653" ind2=" " ind1=" ">
      <subfield code="a">Síndrome de Down</subfield>
   </datafield>
   <datafield tag="653" ind2=" " ind1=" ">
      <subfield code="a">Desarrollo motor</subfield>
   </datafield>
   <datafield tag="653" ind2=" " ind1=" ">
      <subfield code="a">Actividad física</subfield>
   </datafield>
   <datafield tag="653" ind2=" " ind1=" ">
      <subfield code="a">Down, Síndrome de</subfield>
   </datafield>
   <datafield tag="653" ind2=" " ind1=" ">
      <subfield code="a">Aprenentatge motor</subfield>
   </datafield>
   <datafield tag="653" ind2=" " ind1=" ">
      <subfield code="a">Exercici</subfield>
   </datafield>
   <datafield ind2="0" ind1="0" tag="245">
      <subfield code="a">La efectividad de un programa de actividad física y educación sanitaria para la mejora del desarrollo motor, el equilibrio, la obesidad y el estrés parental en niños con Síndrome de Down</subfield>
   </datafield>
</record></metadata></record></GetRecord></OAI-PMH>